| 000 | 00416nam a2200145 i 4500 | ||
|---|---|---|---|
| 001 | bg | ||
| 245 | 0 |
_aDzieje państw socjalistycznych : _bgospodarka, społeczeństwo, polityka / _cpod red. J. Ciepielewskiego. |
|
| 260 |
_aWarszawa, _c1986. |
||
| 700 | 1 |
_aCiepielewski, Jerzy. _eRed. |
|
| 040 | _cBPK | ||
| 041 | _apol | ||
| 080 | _a32+338.2](1-11)(091) | ||
| 942 | _cKS | ||
| 008 | s pl f |000 0 pol | ||
| 999 |
_c23180 _d23180 |
||
| 856 |
_uhttp://koha.tu.koszalin.pl/cgi-bin/koha/opac-detail.pl?biblionumber=23180 _yKatalog online BPK |
||